000 00315nam a2200145Ia 4500
100 _aRogers/Rick/ Lombardo/J
942 _cBK
366 _f20
245 _aAndroid application development
260 _bShroff Publ.
_c2010
082 _a5.3
_bROG
300 _a318
546 _aENGLISH
_cComputers
999 _c28222
_d28222